00319nam a2200109Ia 4500008004100000041000800041082001200049100001800061245008400079260003700163300000900200230511s1967 xx 000 0 und d aeng a348.041 aChitaley S W  aAll India Reporter 1967 Journal All India Reporter 1957 All India Reporter 1957 aNagpurbAll India Reporterc1967 a1920